000 00292nam a2200121 a 4500
005 20141022142006.0
008 090305s19uu xx 00 eng d
050 _aVCD
_bD54
245 _aEngineering the Impossible.
650 _aVCD.
650 _aEngineering the Impossible
942 _cAVM
999 _c276524
_d276524